000 00781nam a2200205 i 4500
001 73807
003 ES-MaACL
005 20230906171928.0
007 t|
008 040913s1955 sp ||||1| spa d
100 0 _aGómez-Tabanera, José Manuel,
_d1926-2011
_958165
245 1 0 _aTotemismo
_b: estudios sobre el Totemismo y su significación en la cuenca del Mediterráneo antiguo en la España primitiva /
_cJosé Manuel Gómez-Tabanera.
260 _aMadrid :
_bInstituto Balmes de Sociología,
_c[1955]
300 _a293 p. ;
_c26 cm.
490 1 _aMonografías histórico-sociales ;
_v2
710 2 _aInstituto Balmes de Sociología.
_94799
830 0 _aMonografías histórico-sociales ;
_v2
_9183425
852 _aES-MaACL
_jC-1332119
_bR.40730
999 _c73807
_d73807